01913cam a22004334a 450000100090000000300040000900500170001300800410003001000170007101500190008801600200010701600180012702000290014503500390017404000600021304200080027305000160028106000150029706000230031208200190033524500850035425000120043926000500045130000450050150400510054650504540059765000400105165000290109165000140112065000220113465000400115665000450119665000300124165000390127165000380131070000210134870000270136985600830139615289710OSt20221011105519.0080502s2008 enkaf 001 0 eng  a 2008020313 aGBA8708592bnb7 a1014729492DNLM7 a0146269272Uk a9780521874373 (hardback) a(OCoLC)227268862z(OCoLC)213400625 aDNLM/DLCcLCdNLMdUKMdBTCTAdYDXCPdBAKERdBWKUKdDLC apcc00aRC388.5.U5100a2008 L-61810aWL 355bU5414 200800a616.8/107522200aUncommon causes of stroke. /c[edited by] Louis R. Caplan, Julien Bogousslavsky. a2nd ed. aNew York:bCambridge University Press,c2008. axv, 560 p. :bill. (some col.) ;c28 cm. aIncludes bibliographical references and index. aContents: Infectious and inflammatory conditions -- Hereditary and genetic conditions and malformations -- Vascular conditions of the eyes, ears and brain -- Disorders involving abnormal coagulation -- Systemic disorders that also involve the cerebrovascular system -- Noninflammatory disorders of the arterial wall -- Venous occlusive conditions -- Vasospastic conditions and other miscellaneous vasculopathies -- Other miscellaneous conditions --  0aCerebrovascular diseasexDiagnosis. 0aDiagnosis, Differential. 0aSymptoms.12aStrokexetiology.22aAutoimmune Diseasesxcomplications.22aGenetic Diseases, Inbornxcomplications.22aInfectionxcomplications.22aMetabolic Diseasesxcomplications.22aVascular Diseasesxcomplications.1 aCaplan, Louis R.1 aBogousslavsky, Julien.413Table of contents onlyuhttp://www.loc.gov/catdir/toc/ecip0818/2008020313.html